01243cam a22002891 4500001001300000003000400013005001700017008004100034010001700075035001900092040007700111042001200188050002600200082001000226100003400236245009900270260009200369300003300461410006500494500001600559500013000575650005200705650004000757740007900797740006000876999001700936hew60000007 DLC20260227111510.0760611s1959 dcu 000 0 eng c ahew60000007  a(OCoLC)2223422 aU.S. Dept. of Health, Education, and Welfare LibrarycTxU-DadOCoLCdDLC apremarc00aL111b.A6 1960, no. 1 a371.11 aRoesch, Winston Leigh,d1911-10aStatutory basis for administrative and specialized service staffing in local school districts. a[Washington]bU.S. Dept. of Health, Education, and Welfare, Office of Educationc[1959] axii, 208 p.btables.c24 cm.10aUnited States.bOffice of Education.tBulletin,v1960, no. 1 a"OE-23000." aCopies 1 and 3 bound with: Bulletin / United States. Office of Education, 1960, no. 2-1960, no. 5, subsequent to publication. 0aEducational law and legislationzUnited States. 0aSchool management and organization.0 aAdministrative and specialized service staffing in local school districts.0 aSpecialized service staffing in local school districts. c34228d34228